LEADER 01127nam a2200277 u 4500 001 000000047806 003 CaOOAMICUS 005 20070226114927.0 008 000208s1990 it u000 u ita u 020 $a8870161137 035 $a10840999 040 $aIPA$bita$dPUL 245 00$aBarth contemporaneo /$cS. Rostagno ... [et al.]. 260 $aTorino :$bClaudiana,$c1990. 300 $a250 p. ;$c24 cm 490 1 $aCollana della Facoltà valdese di teologia ;$v16 600 14$aBarth, Karl,$d1886-1968.$0(OLS)http://pul/subject/5620 700 1 $aRostagno, Sergio,$d1934-$0(OLS)http://pul/name/406 830 0$aCollana della Facoltà valdese di teologia ;$v16.$0(OLS)http://pul/title/499 850 $aPUL 852 $aPUL$W1$xDP2 Religione 3$y114$m230. 2 ROSSE 1$j175878$nBK-PRI$b $qDDC 21$B63822$CPULBib$Z2$F63822 $H84667 $81 941 1 $a9 961 $aPrecedente collocazione: Teo 34 16 996 $6020$a8870161137$9(OLS)http://pul/number/59819 996 $6245$aBarth contemporaneo$9(OLS)http://pul/title/64351 996 $6260$aTorino :$bClaudiana$9(OLS)http://pul/publisher/48072 LEADER 01267nam a2200277 u 4500 001 000000115659 003 CaOOAMICUS 005 20090513180437.0 008 090513s2007 it u000 u ita r 020 $a88-13-27016-X 040 $aPUL$bita$dLDB 245 00$aCodice del consumo /$ca cura di Giuseppe Vettori ; con la collaborazione di Fabio Addis ... [et al.]. 260 $aPadova :$bCEDAM,$c2007. 300 $axxvii, 1181 p. ;$c24 cm 490 1 $aPersona e mercato. Quaderni di orientamento sul nuovo diritto dei privati 504 $aBibliografia in nota. 650 4$aConsumo (diritto).$0(OLS)http://pul/subject/34336 700 1 $aAddis, Fabio.$0(OLS)http://pul/name/71724 700 1 $aVettori, Giuseppe,$d1949-$0(OLS)http://pul/name/71723 830 0$aPersona e mercato. Quaderni di orientamento sul nuovo diritto dei privati.$0(OLS)http://pul/title/135196 850 $aPUL 852 $aPUL$W1$xSL Diritto e Scienze Sociali 3$y79$m348. 45 COD 1.3.4.1$j132477$qDDC 21$B131475$CPULBib$Z2$F131475 $H110159 $82 941 1 $a9 996 $6020$a88-13-27016-X$9(OLS)http://pul/number/140667 996 $6245$aCodice del consumo$9(OLS)http://pul/title/145321 996 $6260$aPadova :$bCEDAM$9(OLS)http://pul/publisher/48126